<?xml version="1.0" encoding="UTF-8"?>
<record
    xmlns:xsi="http://www.w3.org/2001/XMLSchema-instance"
    xsi:schemaLocation="http://www.loc.gov/MARC21/slim http://www.loc.gov/standards/marcxml/schema/MARC21slim.xsd"
    xmlns="http://www.loc.gov/MARC21/slim">

  <leader>01315nam a2200289 i 4500</leader>
  <controlfield tag="001">92625</controlfield>
  <controlfield tag="003">ES-MaACL</controlfield>
  <controlfield tag="005">20230906181022.0</controlfield>
  <controlfield tag="007">t|</controlfield>
  <controlfield tag="008">050408s2003    sp           ||||1| spa d</controlfield>
  <datafield tag="020" ind1=" " ind2=" ">
    <subfield code="a">84-95301-82-2</subfield>
  </datafield>
  <datafield tag="080" ind1=" " ind2=" ">
    <subfield code="a">364.65-054.72:351.83/.84(4-672 UE)(063)</subfield>
  </datafield>
  <datafield tag="080" ind1=" " ind2=" ">
    <subfield code="a">314.15(4-672 UE):314.7(063)</subfield>
  </datafield>
  <datafield tag="245" ind1="0" ind2="0">
    <subfield code="a">Inmigraci&#xF3;n y ciudadan&#xED;a </subfield>
    <subfield code="b">: perspectivas sociojur&#xED;dicas / </subfield>
    <subfield code="c">coordinadores, Jos&#xE9; Mart&#xED;nez de Pis&#xF3;n y Joaqu&#xED;n Gir&#xF3; Miranda.</subfield>
  </datafield>
  <datafield tag="260" ind1=" " ind2=" ">
    <subfield code="a">Logro&#xF1;o : </subfield>
    <subfield code="b">Universidad de La Rioja, Servicio de Publicaciones,</subfield>
    <subfield code="c">2003.</subfield>
  </datafield>
  <datafield tag="300" ind1=" " ind2=" ">
    <subfield code="a">159 p. ; </subfield>
    <subfield code="c">24 cm.</subfield>
  </datafield>
  <datafield tag="490" ind1="1" ind2=" ">
    <subfield code="a">Colecci&#xF3;n jur&#xED;dica ; </subfield>
    <subfield code="v">20</subfield>
  </datafield>
  <datafield tag="500" ind1=" " ind2=" ">
    <subfield code="a">Ponencias presentadas en las Jornadas sobre "Inmigraci&#xF3;n y Ciudadan&#xED;a Europea" celebradas enla Universidad de La Rioja los d&#xED;as 24 y 25 de octubre de 2002.</subfield>
  </datafield>
  <datafield tag="504" ind1=" " ind2=" ">
    <subfield code="a">Incluye referencias bibliogr&#xE1;ficas.</subfield>
  </datafield>
  <datafield tag="650" ind1="1" ind2="4">
    <subfield code="a">Emigraci&#xF3;n e inmigraci&#xF3;n-</subfield>
    <subfield code="x">Pol&#xED;tica gubernamental-</subfield>
    <subfield code="z">Pa&#xED;ses de la Uni&#xF3;n Europea-</subfield>
    <subfield code="v">Congresos y asambleas.</subfield>
    <subfield code="9">12192</subfield>
  </datafield>
  <datafield tag="700" ind1="1" ind2=" ">
    <subfield code="a">Mart&#xED;nez de Pis&#xF3;n, Jos&#xE9;.</subfield>
    <subfield code="9">78027</subfield>
  </datafield>
  <datafield tag="700" ind1="1" ind2=" ">
    <subfield code="a">Gir&#xF3; Miranda, Joaqu&#xED;n.</subfield>
    <subfield code="9">57260</subfield>
  </datafield>
  <datafield tag="711" ind1="2" ind2=" ">
    <subfield code="a">Jornadas sobre "Inmigraci&#xF3;n y Ciudadan&#xED;a Europea" (</subfield>
    <subfield code="d">2002. </subfield>
    <subfield code="c">Logro&#xF1;o)</subfield>
    <subfield code="9">872</subfield>
  </datafield>
  <datafield tag="830" ind1="0" ind2=" ">
    <subfield code="a">Colecci&#xF3;n jur&#xED;dica ; </subfield>
    <subfield code="v">20</subfield>
    <subfield code="9">184258</subfield>
  </datafield>
  <datafield tag="852" ind1=" " ind2=" ">
    <subfield code="a">ES-MaACL</subfield>
    <subfield code="j">L-29046 </subfield>
    <subfield code="b">R.135588</subfield>
  </datafield>
  <datafield tag="999" ind1=" " ind2=" ">
    <subfield code="c">92625</subfield>
    <subfield code="d">92625</subfield>
  </datafield>
  <datafield tag="952" ind1=" " ind2=" ">
    <subfield code="0">0</subfield>
    <subfield code="1">0</subfield>
    <subfield code="4">0</subfield>
    <subfield code="7">0</subfield>
    <subfield code="a">ATENEOM</subfield>
    <subfield code="b">ATENEOM</subfield>
    <subfield code="c">DEPO2</subfield>
    <subfield code="d">2008-01-17</subfield>
    <subfield code="e">SC</subfield>
    <subfield code="l">0</subfield>
    <subfield code="o">L-29046</subfield>
    <subfield code="p">1096698</subfield>
    <subfield code="r">2023-02-23 00:00:00</subfield>
    <subfield code="w">2023-02-23</subfield>
    <subfield code="y">MONOGRAFIA</subfield>
  </datafield>
</record>
